[Event "5th Vergani Cup Dec. A 2020"]
[Site "Bassano del Grappa"]
[Date "2020.12.28"]
[Round "5.6"]
[White "Loiacono, Antonio"]
[Black "Blohberger, Felix"]
[Result "1/2-1/2"]
[WhiteElo "2304"]
[BlackElo "2469"]
[Annotator "TA"]
[PlyCount "97"]
[EventDate "2020.12.26"]
[EventType "swiss"]
[EventCountry "ITA"]
[SourceTitle "playchess.com"]
[Source "ChessBase"]
[SourceQuality "1"]

{[%evp 11,97,37,59,29,41,42,35,32,45,10,20,21,17,11,26,24,28,0,33,34,52,49,50,56,76,0,0,0,0,0,0,0,3,-8,-8,-8,-8,-11,0,-23,0,0,27,27,72,85,335,298,279,0,160,181,157,119,127,110,178,133,123,108,108,108,108,107,157,108,209,216,216,216,600,588,456,122,175,87,293,65,58,10,11,0,83,0,54,0,121,0]} 1. e4 c5 2. Nf3 Nc6 3. d4 cxd4 4. Nxd4 Nf6 5. Nc3 d6 6. Bg5 Bd7 7. Nxc6 {B60: Sicilian: Richter-Rauzer: Unusual Black 6th moves and 6...Bd7 without 7 Qd2.} Bxc6 8. Bxf6 gxf6 9. Bc4 {White is slightly better.} Qa5 {[#]} 10. Bd5 $146 (10. Qd3 {is more complex.} e6 11. O-O-O Rg8 12. g3 O-O-O 13. Bb5) ({Predecessor:} 10. O-O e6 11. Qe2 O-O-O 12. a3 Kb8 13. b4 Qe5 14. b5 Bd7 15. Na2 d5 16. exd5 exd5 17. Qxe5+ fxe5 18. Bxd5 Bxb5 {0-1 (39) Goes,S (2107)-Slingerland,F (2398) Leiden 2010}) 10... e6 11. Bxc6+ bxc6 12. O-O Rb8 13. Rb1 Be7 14. f4 h5 15. Kh1 Rg8 16. Qd3 h4 17. a3 Rb6 18. Nd1 (18. f5 $16) 18... d5 $11 19. Ne3 Qb5 20. Qd2 dxe4 21. f5 Rb8 22. b3 Rd8 23. Qe1 h3 (23... Bxa3 $6 24. fxe6 h3 25. exf7+ Kxf7 26. gxh3 $16 (26. Qh4 hxg2+ 27. Nxg2 Qg5 $17)) 24. gxh3 Qe5 25. Qe2 Rg5 (25... Bxa3 26. Nc4 $16) (25... Qc3 $5 {[%cal Rd8d2]} 26. Nc4 Qxh3 27. Qxe4 Rd5 $15) 26. Nc4 Qc3 27. Qxe4 Rd5 28. fxe6 fxe6 (28... Qxh3 $16 29. exf7+ Kxf7) 29. h4 Rgf5 30. Rbe1 $2 (30. Qxe6 $18 Rxf1+ 31. Rxf1) 30... Qh3 (30... Rxf1+ $11 31. Rxf1 Qh3) 31. Rxf5 $16 Qxf5 32. Qxf5 exf5 {[%mdl 4096] Endgame KRB-KRN} 33. Kg2 Kd7 (33... Kf7 $16) 34. Re2 Rd4 35. Rd2 Rxd2+ 36. Nxd2 Bxa3 {KB-KN} 37. Kf3 Bd6 38. h3 Ke6 (38... c5 $16) 39. Nc4 $1 $18 {[%cal Rc4d6]} Bc7 40. h5 Be5 $2 (40... f4 41. Nb2 (41. h6 Kf7 $16) 41... Kf5) 41. Na5 c5 {[%cal Bc6c5,Bc5c4][%mdl 32]} 42. Nc4 $2 (42. Nb7 $18 {has better winning chances.}) 42... f4 {[#]} (42... Kf7 $16) 43. Nd2 ({Much less strong is} 43. h6 Kf7 $16) (43. Na5 $1 $18 {and White stays clearly on top.}) 43... Kf5 $2 (43... f5 $16) 44. h4 $2 ({White must play} 44. c4 $18) 44... Ke6 $1 $14 45. Ne4 c4 46. Nf2 Kf5 (46... cxb3 $11 {remains equal.} 47. cxb3 Kf7) 47. Ne4 ({Much weaker is} 47. bxc4 $6 a5 $11) 47... Ke6 48. Nf2 ({Better is} 48. b4 $1 $14) 48... Kf5 $16 {[#]} 49. Ne4 {Weighted Error Value: White=0.46/Black=0.44} ({Don't play} 49. bxc4 $6 a5 $11) (49. b4 $1 $16) 1/2-1/2

[Event "5th Vergani Cup Dec. A 2020"]
[Site "Bassano del Grappa"]
[Date "2020.12.28"]
[Round "5.7"]
[White "Samoun, Florent"]
[Black "Niemann, Hans Moke"]
[Result "1/2-1/2"]
[WhiteElo "2293"]
[BlackElo "2472"]
[Annotator "TA"]
[PlyCount "97"]
[EventDate "2020.12.26"]
[EventType "swiss"]
[EventCountry "ITA"]
[SourceTitle "playchess.com"]
[Source "ChessBase"]
[SourceQuality "1"]

{[%evp 9,97,-17,22,14,85,84,109,108,99,115,110,13,16,15,15,19,63,77,238,127,134,143,277,277,313,288,278,168,135,138,128,66,161,93,125,86,75,8,10,15,19,0,0,0,0,0,0,0,18,16,19,0,0,0,0,0,0,0,0,0,0,0,0,0,0,0,0,0,0,0,0,0,0,0,0,0,0,0,0,0,0,0,0,0,0,0,0,0,0,0]} 1. c4 {Bulletin} e5 2. Nc3 Nf6 3. g3 Bb4 4. Bg2 O-O 5. e4 b5 6. Nxb5 {[#] A22: English Opening: 1...e5 2 Nc3 Nf6.} Ba6 $146 (6... Bb7 $1 $11 {keeps the balance.}) ({Predecessor:} 6... Bb7 7. a3 a6 8. Nc3 Bxc3 9. dxc3 Nxe4 10. Nf3 d6 11. O-O Nd7 12. Re1 f5 13. Qc2 {½-½ (30) Sveshnikov,E (2565)-Kapengut,A (2465) Ashkhabad 1978 MCL [Bulletin]}) 7. a3 $16 Bc5 8. d3 {White is better.} Bxb5 9. cxb5 c6 10. bxc6 ({Better is} 10. Nf3 $16) 10... Qb6 $1 $11 11. Qe2 {Black should prevent cxd7.} Nxc6 12. Nf3 Ng4 {[%cal Rc5f2]} 13. O-O f5 $2 (13... a5 $16 {might work better.}) 14. d4 (14. exf5 $1 $18 {Strongly threatening d4!} a5 15. d4 exd4 16. Ng5) 14... Bxd4 $16 15. exf5 Bxf2+ {[#]} (15... Nf6 $16 16. Rd1 Rae8) 16. Kh1 $1 $18 ({Weaker is} 16. Rxf2 Qxf2+ 17. Qxf2 Nxf2 $16) 16... Bd4 17. Nxd4 Qxd4 18. h3 Nf6 19. Be3 Qa4 20. Rad1 (20. g4 $16) 20... Rab8 {[#]} (20... h6 $14) 21. g4 (21. Bg5 $1 $18) 21... d5 $16 22. g5 Ne4 {Threatens to win with ...Ng3+.} 23. Kh2 (23. Qg4 $16 Nd4 24. f6 (24. Bxe4 dxe4 25. f6 Rf7 $16)) 23... Nd4 $11 {The position is equal.} 24. Bxd4 exd4 25. Bxe4 dxe4 26. Qxe4 Rxb2+ 27. Kg3 Qxa3+ 28. Kh4 Qa6 29. f6 {Qd5+ would kill now.} Re2 30. Qd5+ Qe6 31. Rxd4 h6 32. Qxe6+ (32. g6 {feels hotter.} Qxd5 33. Rxd5 gxf6 34. Kh5 Re5+ 35. Rf5) 32... Rxe6 33. gxh6 gxf6 {[%mdl 4096] Endgame KRR-KRR} 34. Rd7 {White threatens Rg1+ and mate.} Re4+ 35. Kh5 Re5+ 36. Kh4 Rf7 37. Rg1+ Rg5 $1 38. Rd8+ (38. Rxf7 {with more complications.} Kxf7 39. h7 Kg7 40. Rf1 Kxh7 41. Rxf6 Rg7 42. Kh5) 38... Rf8 39. h7+ (39. Rxf8+ {keeps more tension.} Kxf8 40. Rb1 Rg6 41. Rb8+ Kf7 42. Rb7+) 39... Kxh7 40. Rxf8 Rxg1 41. Rxf6 {KR-KR} Rg6 42. Rf7+ (42. Rf1 {looks sharper.} Kh6 43. Ra1 Rg7 44. Ra3 Kg6 45. Ra6+) 42... Rg7 43. Rf6 (43. Rf1 {is more complex.} Rb7 44. Kg4 Kg6 45. Ra1 Rb4+ 46. Kg3) 43... Kg8 44. Kh5 Kh7 45. Rh6+ Kg8 {...Rh7 is the strong threat.} 46. Rf6 Rf7 47. Ra6 Rb7 48. h4 Kf7 49. Kg5 {White really could win this.  Weighted Error Value: White=0.16/Black=0.16} 1/2-1/2

[Event "5th Vergani Cup Dec. A 2020"]
[Site "Bassano del Grappa"]
[Date "2020.12.28"]
[Round "5.8"]
[White "Palozza, Christian"]
[Black "Beerdsen, Thomas"]
[Result "0-1"]
[WhiteElo "2265"]
[BlackElo "2479"]
[Annotator "TA"]
[PlyCount "86"]
[EventDate "2020.12.26"]
[EventType "swiss"]
[EventCountry "ITA"]
[SourceTitle "playchess.com"]
[Source "ChessBase"]
[SourceQuality "1"]

{[%evp 9,86,13,16,0,1,0,6,2,10,0,8,-15,-14,-16,-20,-66,-62,-64,-62,-62,-66,-65,-70,-91,-97,-108,-103,-101,-103,-95,-100,-104,-80,-78,-68,-68,-77,-98,-88,-101,-104,-90,-79,-156,-151,-140,-74,-191,-178,-183,-166,-219,-215,-218,-211,-202,-201,-223,-214,-227,-209,-221,-130,-107,-68,-369,-350,-338,-285,-255,-11,-29978,-29979,-29987,-29988,-29987,-29986,-29988,-29989]} 1. d4 f5 2. Nc3 Nf6 3. Bg5 d5 4. e3 e6 5. Nf3 a6 6. Bd3 {A80: Dutch Defence: Unusual White second moves.} c5 7. dxc5 Bxc5 8. Ne2 {[#] The position is equal.} Nc6 $146 ({Predecessor:} 8... O-O 9. O-O Qb6 10. c4 dxc4 11. Bxc4 Nc6 12. a3 Ne4 13. Nf4 Na5 14. Ba2 Qxb2 15. Nxe6 Bxe6 16. Bxe6+ {1-0 (25) Dvirnyy,D (2488)-Schacher,G (2321) Brixen Bressanone 2019}) 9. c4 Bb4+ 10. Nc3 dxc4 11. Bxc4 Qxd1+ 12. Kxd1 Bxc3 13. bxc3 Ne4 $1 {[%cal Re4f2]} 14. Bh4 Nxc3+ 15. Kc2 Ne4 16. Ng5 Nxg5 17. Bxg5 h6 18. Bh4 g5 19. Bg3 e5 {[#] White must now prevent ...f4.} 20. f3 b5 $36 {[%mdl 2048] Black is really pushing.} 21. Bb3 Ke7 22. Kb2 Be6 23. Rac1 {And now Bxe6 would win.} Rac8 24. Rhd1 Bxb3 25. axb3 Ke6 26. Rc5 (26. Rc2 $142) 26... f4 $17 27. Bf2 Nb4 (27... fxe3 $142 28. Bxe3 Nb4) 28. exf4 (28. e4 $17 {was worth a try.}) 28... gxf4 $19 ({Much less strong is} 28... exf4 29. Ka3 $17) 29. Rxc8 Rxc8 $17 {[%mdl 4096] Endgame KRB-KRN} 30. Rd2 (30. Be1 $142 Nd5 31. Ra1) 30... h5 $19 31. Bg1 Rc6 32. Bf2 a5 33. g3 Kf5 34. Bg1 fxg3 35. hxg3 e4 (35... Rg6 $19 36. Bf2 e4 37. fxe4+ Kxe4 38. Rd4+ Kf3) 36. fxe4+ $17 Kxe4 {Strongly threatening ...Nd3+.} 37. Ba7 $2 {[%mdl 8192]} (37. Rd4+ $1 $15 Kf5 38. Rh4) 37... Nd3+ $19 38. Ka2 b4 {[%cal Bb5b4,Bb4b3][%mdl 32]} 39. Rh2 Rc3 $2 (39... Kf3 $19 {...a4 is the strong threat.} 40. Bd4 Nc1+ 41. Kb2 Ke4) 40. Rxh5 $2 {[%mdl 8192]} (40. Rh4+ $11 Kf3 41. Bd4) 40... a4 {Black mates.} 41. bxa4 {[#]} b3+ $1 ({Worse is} 41... Ra3+ 42. Kb1 $11) 42. Ka3 b2+ 43. Ka2 Rc1 {Weighted Error Value: White=0.45/Black=0.17} 0-1

[Event "5th Vergani Cup Dec. A 2020"]
[Site "Bassano del Grappa"]
[Date "2020.12.28"]
[Round "5.9"]
[White "Zarpellon, Daniel"]
[Black "Mikulis Borsoi, Luca"]
[Result "1-0"]
[WhiteElo "1893"]
[BlackElo "1277"]
[Annotator "NA"]
[PlyCount "75"]
[EventDate "2020.12.26"]
[EventType "swiss"]
[EventCountry "ITA"]
[SourceTitle "playchess.com"]
[Source "ChessBase"]
[SourceQuality "1"]

1. Nf3 {[%emt 0:00:00]} d5 {[%emt 0:00:00]} 2. d4 {[%emt 0:00:41]} Nf6 {[%emt 0:00:00]} 3. e3 {[%emt 0:00:39]} Bg4 {[%emt 0:03:31]} 4. Be2 {[%emt 0:00:49]} e6 {[%emt 0:00:17]} 5. Nbd2 {[%emt 0:00:45]} Nbd7 {[%emt 0:04:20]} 6. O-O {[%emt 0:00:46]} Bd6 {[%emt 0:01:17]} 7. b3 {[%emt 0:01:55]} c6 {[%emt 0:01:37]} 8. Bb2 {[%emt 0:00:30]} Qc7 {[%emt 0:03:40]} 9. c4 {[%emt 0:04:30]} Rc8 {[%emt 0:02:45]} 10. c5 {[%emt 0:00:51]} Be7 {[%emt 0:00:04]} 11. b4 {[%emt 0:00:25]} O-O {[%emt 0:00:40]} 12. a4 {[%emt 0:00:37]} a6 {[%emt 0:00:35]} 13. h3 {[%emt 0:05:44]} Bh5 {[%emt 0:00:13]} 14. Bc3 {[%emt 0:02:55]} Bg6 {[%emt 0:03:43]} 15. Qb3 {[%emt 0:02:43]} Ne4 {[%emt 0:00:28]} 16. Nxe4 {[%emt 0:00:51]} Bxe4 {[%emt 0:00:22]} 17. Qb2 {[%emt 0:03:34]} Bf6 {[%emt 0:00:33]} 18. Ne5 {[%emt 0:06:55]} Ra8 {[%emt 0:09:43]} 19. f4 {[%emt 0:02:48]} Rfb8 {[%emt 0:02:08]} 20. Qd2 {[%emt 0:02:52]} b6 {[%emt 0:01:50]} 21. Bd3 {[%emt 0:01:21]} Bxd3 {[%emt 0:00:39]} 22. Qxd3 {[%emt 0:00:49]} bxc5 {[%emt 0:00:27]} 23. bxc5 {[%emt 0:00:24]} Rb3 {[%emt 0:02:04]} 24. Rfb1 {[%emt 0:02:10]} Rab8 {[%emt 0:05:27]} 25. Rxb3 {[%emt 0:08:32]} Rxb3 {[%emt 0:00:54]} 26. Qc2 {[%emt 0:00:16]} Rb7 {[%emt 0:01:52]} 27. Nd3 {[%emt 0:01:47]} Bd8 {[%emt 0:01:51]} 28. Kh2 {[%emt 0:02:22]} Nf6 {[%emt 0:05:17]} 29. Be1 {[%emt 0:00:56]} Ne4 {[%emt 0:01:48]} 30. Rb1 {[%emt 0:08:38]} a5 {[%emt 0:06:02]} 31. Bxa5 {[%emt 0:07:45]} Qxa5 {[%emt 0:06:04]} 32. Rxb7 {[%emt 0:00:26]} g5 {[%emt 0:00:08]} 33. Qe2 {[%emt 0:04:32]} Qa6 {[%emt 0:02:16]} 34. Rb8 {[%emt 0:00:17]} Qa5 {[%emt 0:00:23]} 35. Ne5 {[%emt 0:03:02]} Kg7 {[%emt 0:00:54]} 36. Qh5 {[%emt 0:02:44]} Qe1 {[%emt 0:02:47]} 37. Qxf7+ {[%emt 0:00:24]} Kh6 {[%emt 0:00:23]} 38. Ng4# {[%emt 0:00:09]} 1-0

[Event "5th Vergani Cup Dec. A 2020"]
[Site "Bassano del Grappa"]
[Date "2020.12.28"]
[Round "5.10"]
[White "Pace, Gabriele"]
[Black "Brini, Dario"]
[Result "0-1"]
[WhiteElo "1699"]
[BlackElo "1787"]
[Annotator "NA"]
[PlyCount "74"]
[EventDate "2020.12.26"]
[EventType "swiss"]
[EventCountry "ITA"]
[SourceTitle "playchess.com"]
[Source "ChessBase"]
[SourceQuality "1"]

1. d4 {[%emt 0:00:00]} Nf6 {[%emt 0:00:00]} 2. Bf4 {[%emt 0:00:00]} g6 {[%emt 0:00:00]} 3. Nc3 {[%emt 0:00:00]} d5 {[%emt 0:00:10]} 4. e3 {[%emt 0:00:00]} Bg7 {[%emt 0:00:38]} 5. Bd3 {[%emt 0:02:05]} O-O {[%emt 0:00:18]} 6. Nf3 {[%emt 0:05:11]} c6 {[%emt 0:02:46]} 7. Ne5 {[%emt 0:00:47]} Nbd7 {[%emt 0:00:22]} 8. h4 {[%emt 0:04:50]} Qb6 {[%emt 0:09:34]} 9. Rb1 {[%emt 0:05:28]} c5 {[%emt 0:05:20]} 10. Na4 {[%emt 0:07:02]} Qa5+ {[%emt 0:00:43]} 11. c3 {[%emt 0:00:26]} cxd4 {[%emt 0:01:11]} 12. exd4 {[%emt 0:00:47]} Nh5 {[%emt 0:02:12]} 13. b4 {[%emt 0:10:22]} Qd8 {[%emt 0:03:16]} 14. Nxd7 {[%emt 1:00:02]} Bxd7 {[%emt 0:01:05]} 15. Be5 {[%emt 0:00:00]} Bxe5 {[%emt 0:03:24]} 16. dxe5 {[%emt 0:00:00]} Bxa4 {[%emt 0:00:07]} 17. Qxa4 {[%emt 0:00:00]} Qc7 {[%emt 0:00:21]} 18. Qc2 {[%emt 0:00:00]} Qxe5+ {[%emt 0:02:04]} 19. Kf1 {[%emt 0:00:00]} Rac8 {[%emt 0:00:53]} 20. Rc1 {[%emt 0:00:00]} Nf4 {[%emt 0:01:50]} 21. Bb5 {[%emt 0:00:00]} d4 {[%emt 0:00:24]} 22. c4 {[%emt 0:00:00]} d3 {[%emt 0:00:03]} 23. Qd2 {[%emt 0:04:30]} Qe2+ {[%emt 0:01:41]} 24. Qxe2 {[%emt 0:00:00]} dxe2+ {[%emt 0:00:05]} 25. Kg1 {[%emt 0:00:00]} Nd3 {[%emt 0:00:05]} 26. Kh2 {[%emt 0:00:00]} Nxc1 {[%emt 0:00:06]} 27. Rxc1 {[%emt 0:00:00]} Rfd8 {[%emt 0:00:36]} 28. Re1 {[%emt 0:00:00]} a6 {[%emt 0:00:04]} 29. Ba4 {[%emt 0:00:00]} Rxc4 {[%emt 0:01:16]} 30. Rxe2 {[%emt 0:00:00]} Rxh4+ {[%emt 0:00:04]} 31. Kg1 {[%emt 0:00:00]} Rxb4 {[%emt 0:00:07]} 32. Bb3 {[%emt 0:00:00]} e6 {[%emt 0:00:04]} 33. Rb2 {[%emt 0:00:00]} Rd3 {[%emt 0:03:13]} 34. g3 {[%emt 0:00:00]} a5 {[%emt 0:00:17]} 35. Rc2 {[%emt 0:00:00]} a4 {[%emt 0:00:33]} 36. Rc8+ {[%emt 0:00:00]} Kg7 {[%emt 0:00:06]} 37. Bc2 {[%emt 0:00:00]} Ra3 {[%emt 0:00:19]} 0-1

[Event "5th Vergani Cup Dec. A 2020"]
[Site "Bassano del Grappa"]
[Date "2020.12.29"]
[Round "6.1"]
[White "Mendonca, Leon Luke"]
[Black "Checa, Nicolas"]
[Result "1-0"]
[WhiteElo "2516"]
[BlackElo "2527"]
[Annotator "TA"]
[PlyCount "111"]
[EventDate "2020.12.26"]
[EventType "swiss"]
[EventCountry "ITA"]
[SourceTitle "playchess.com"]
[Source "ChessBase"]
[SourceQuality "1"]

{[%evp 10,111,41,42,43,42,57,60,60,48,64,62,64,54,53,61,49,63,56,56,55,47,56,49,54,52,45,50,42,75,106,101,105,98,87,79,178,170,172,172,172,170,170,170,172,172,181,162,186,173,256,260,260,250,260,251,230,245,256,243,245,238,254,247,247,242,226,233,249,242,207,177,177,177,218,206,323,278,560,537,637,711,928,638,541,0,1022,987,910,871,1143,1130,1041,1044,1142,1055,1439,1354,1649,1641,6179,5317,6725,5599]} 1. d4 d5 2. Nf3 Nf6 3. c4 c6 4. Nc3 a6 5. c5 Bf5 6. Qb3 Qc8 {6...Ra7 is the hot move. D15: Slav Defence: 4 Nc3 a6 and gambit lines after 4 Nc3 dxc4.} 7. Nh4 Bg6 8. Na4 Nbd7 {White is slightly better.} 9. Bf4 e6 10. f3 Be7 11. g4 $1 Bd8 12. O-O-O Bc7 13. Bg3 Rb8 14. Qc3 O-O 15. e3 Re8 $1 {[#]} 16. g5 $146 ({Predecessor:} 16. Nxg6 hxg6 17. Bd3 e5 18. Bc2 exd4 19. exd4 b6 20. cxb6 Nxb6 21. Nxb6 Rxb6 22. Rde1 {1-0 (47) Rotaru,D (2384)-Horton,R (2075) ICCF email 2010}) 16... Nh5 17. Bxc7 Qxc7 18. Nxg6 hxg6 19. f4 f6 {White now steadily converts the win.} 20. Bd3 Nf8 21. Qc2 $36 {[%mdl 2048] White is really pushing.} e5 22. dxe5 {Black must now prevent gxf6.} fxe5 (22... fxg5 $16 23. Bxg6 (23. fxg5 Qxe5 24. Qd2 Qxg5 $17) 23... Nxg6 24. Qxg6 {[%mdl 64] Double Attack} gxf4) 23. Bxg6 $18 Nxg6 24. Qxg6 Qf7 25. Qxf7+ Kxf7 26. f5 e4 {[#]} 27. Nb6 $1 Rbd8 28. Rhf1 Kg8 29. Kc2 d4 (29... g6 {keeps fighting.} 30. f6 (30. fxg6 Rf8 $16) 30... Re5) 30. Rxd4 Rxd4 31. exd4 {[%mdl 4096] Endgame KRN-KRN} e3 32. Re1 Nf4 33. Nc4 e2 34. Ne5 Rd8 35. Kc3 Rf8 36. Ng6 Nd5+ 37. Kb3 Rxf5 38. Rxe2 Rxg5 39. Ne7+ Kf7 40. Nxd5 Rxd5 {KR-KR} 41. Kc4 Rd7 {[#]} 42. b4 $1 Rd5 (42... Kf6 $142 43. Rb2 Kf5) 43. Re5 Rd8 (43... Rd7 44. d5 cxd5+ 45. Rxd5 Re7) 44. d5 Rh8 45. d6 Rh4+ 46. Kc3 Rh3+ 47. Kc4 (47. Kd4 $142 g5 48. Rxg5) 47... Rh4+ 48. Kd3 {White is clearly winning.} Rh3+ 49. Re3 Rxh2 50. Re7+ Kf6 51. Rxb7 g5 52. Rb6 g4 53. Rxc6 g3 54. Rxa6 Rh8 55. Ke2 Rg8 56. Kf1 {Weighted Error Value: White=0.18/Black=0.24} 1-0

[Event "5th Vergani Cup Dec. A 2020"]
[Site "Bassano del Grappa"]
[Date "2020.12.29"]
[Round "6.2"]
[White "Moroni, Luca Jr"]
[Black "Bernadskiy, Vitaliy"]
[Result "1/2-1/2"]
[WhiteElo "2562"]
[BlackElo "2619"]
[Annotator "TA"]
[PlyCount "62"]
[EventDate "2020.12.26"]
[EventType "swiss"]
[EventCountry "ITA"]
[SourceTitle "playchess.com"]
[Source "ChessBase"]
[SourceQuality "1"]

{[%evp 10,62,34,39,43,30,36,38,72,55,46,51,50,44,42,40,41,22,36,0,0,3,8,17,36,17,26,22,25,25,25,25,27,26,29,0,0,0,39,38,38,38,32,13,13,13,16,0,0,0,14,22,22,0,0]} 1. d4 g6 2. c4 Bg7 3. Nc3 d6 4. e4 e5 5. d5 a5 6. Bd3 Na6 {A42: Modern Defence: Averbakh Variation.} 7. Nge2 Nc5 8. Bc2 Bh6 {White is slightly better.} 9. Bxh6 Nxh6 10. Qd2 {[#]} Ng4 $146 ({Predecessor:} 10... Ng8 11. O-O-O Bd7 12. Rhf1 Qe7 13. f4 f6 14. fxe5 fxe5 15. Rf2 Nf6 16. h3 O-O {1-0 (41) Tjiam,D (2300)-Lebel,P (2240) Hyeres 1992}) 11. h3 Nf6 12. b3 O-O 13. O-O Nh5 14. a3 {[%cal Ba2a3,Ba3b4][%mdl 32]} f5 15. exf5 Bxf5 16. b4 Bxc2 17. Qxc2 axb4 18. axb4 {[#] Black must now prevent Rxa8.} Rxa1 19. Rxa1 Nd7 20. Ne4 Qh4 21. N2c3 Ndf6 22. Ra7 Nxe4 23. Nxe4 Nf6 (23... Rf4 $5 {[%cal Rf4e4]} 24. Ra8+ Rf8 25. Rxf8+ Kxf8 $11) 24. Nxf6+ Qxf6 25. Rxb7 $14 {[%mdl 4096] Endgame KQR-KQR} e4 $1 {[%cal Re4e3]} 26. Qxe4 ({But not} 26. Rxc7 $2 Qa1+ 27. Kh2 Qe5+ 28. g3 e3 $19) 26... Qxf2+ {The position is equal.} 27. Kh2 Rf4 28. Qe6+ Rf7 29. Qe4 Rf4 30. Qe7 Rf7 31. Qe4 Rf4 {Weighted Error Value: White=0.08/Black=0.05} 1/2-1/2

[Event "5th Vergani Cup Dec. A 2020"]
[Site "Bassano del Grappa"]
[Date "2020.12.29"]
[Round "6.3"]
[White "Basso, Pier Luigi"]
[Black "Dardha, Daniel"]
[Result "1/2-1/2"]
[WhiteElo "2561"]
[BlackElo "2487"]
[Annotator "TA"]
[PlyCount "60"]
[EventDate "2020.12.26"]
[EventType "swiss"]
[EventCountry "ITA"]
[SourceTitle "playchess.com"]
[Source "ChessBase"]
[SourceQuality "1"]

{[%evp 12,60,27,22,11,14,14,11,35,49,45,51,50,52,58,0,39,43,45,45,101,91,103,69,111,97,114,89,108,36,49,-39,-36,-81,-8,-29,-18,-33,-13,-10,-8,-12,0,-9,-18,-25,0,-192,25,0,24]} 1. d4 Nf6 2. c4 e6 3. Nf3 d5 4. Nc3 Bb4 5. cxd5 exd5 6. Bg5 h6 7. Bh4 O-O {D38: Queen's Gambit Declined: Ragozin Defence (4 Nf3 Bb4).} 8. e3 Bf5 9. Be2 $1 {[%mdl 4] now scores much better than the old 9.Qb3.} c6 10. Qb3 Bxc3+ 11. bxc3 b6 {[#]} 12. O-O $146 ({Predecessor:} 12. Ne5 Qd6 13. O-O Nbd7 14. Bg3 Qe6 15. Qa4 Nxe5 16. Bxe5 Ne4 17. Rfc1 c5 18. c4 dxc4 19. Qxc4 Qxc4 20. Bxc4 cxd4 21. Bxd4 {1-0 (53) Wojszkun,T (1809)-Aftanasiuk,J (1548) Gdansk 2012}) 12... Nbd7 13. Ba6 (13. c4 $14) 13... g5 14. Bg3 Qe7 15. c4 Nb8 (15... dxc4 $14 16. Qxc4 (16. Bxc4 Ne4 $14) 16... c5) 16. Bxb8 $16 Raxb8 17. Ne5 Qd6 18. cxd5 Nxd5 19. Rac1 c5 20. Rfd1 (20. f4 $1 $16 {[%cal Rf4g5]}) 20... Be6 $14 {Threatening ...b5.} 21. Qa3 ({White should play} 21. Qa4 $14) 21... b5 $1 $15 {aiming for ...Rfd8.} 22. Nd3 {[#]} ({Reject} 22. Rxc5 Rb6 $17) 22... b4 (22... Rb6 $1 $17 {[%cal Rb6a6]} 23. Nxc5 Nc7) 23. dxc5 $11 {Hoping for Nxb4.} Qc7 $36 {[%mdl 2048] Black has some pressure.} 24. Qb2 Nc3 25. Rxc3 bxc3 26. Qxc3 Rfd8 27. Qa3 Qc6 28. Rc1 Qe4 29. Ne1 $2 {[#]} (29. h3 $11 {and White is okay.}) 29... Bd5 $2 (29... Rb1 $1 $19 {Threatens to win with ...Rd1!} 30. f3 Rxc1 31. Qxc1 (31. fxe4 $2 {too greedy.} Rxe1+ 32. Kf2 Ra1 $19) 31... Qa4) 30. Bd3 Qe6 {Weighted Error Value: White=0.27/Black=0.23} 1/2-1/2